| 000 | 00788nam a2200265Ia 4500 | ||
|---|---|---|---|
| 005 | 20250425160651.0 | ||
| 008 | 250425s9999 xx 000 0 und d | ||
| 020 | _a968184078X | ||
| 041 | _aspa | ||
| 082 | _a658.5 | ||
| 100 | _aBUFFA, ELWOOD S. | ||
| 245 | 0 | _aADMINISTRACION DE LA PRODUCCION Y LAS OPERACIONES : CONCEPTOS, MODELOS Y FUNCIONAMIENTO | |
| 250 | _a1A ED. | ||
| 260 | _aMEXICO | ||
| 260 |
_aMéxico _bEDITORIAL LIMUSA _c1992 |
||
| 300 | _a939 | ||
| 500 | _aTítulo Traducido: PRODUCTION AND OPERATIONS MANAGEMENT | ||
| 650 | _aADMINISTRACION DE LA PRODUCCION | ||
| 650 | _aCONTROL DE CALIDAD | ||
| 650 | _aCONTROL DE INVENTARIOS | ||
| 650 | _aPLANIFICACION OPERACIONAL | ||
| 700 |
_aRODRIGUEZ RODRIGUEZ JORGE _etraductor |
||
| 942 | _c01 | ||
| 010 | _a1870 | ||
| 999 |
_c193749 _d193749 |
||